000
00300nam a2200133Ia 4500
100
_a
Mehta/ N. V.
650
_a
General
942
_c
BK
654
_a
Income-Tax
245
_a
Income - Tax Ready Reckoner 2003-2004
260
_b
Shri kuber publication
_a
Bombay
300
_a
352
546
_a
ENGLISH
999
_c
30943
_d
30943